<?xml version="1.0" encoding="UTF-8"?>
<record
    xmlns:xsi="http://www.w3.org/2001/XMLSchema-instance"
    xsi:schemaLocation="http://www.loc.gov/MARC21/slim http://www.loc.gov/standards/marcxml/schema/MARC21slim.xsd"
    xmlns="http://www.loc.gov/MARC21/slim">

  <leader>00466nam a22001577a 4500</leader>
  <controlfield tag="003">OSt</controlfield>
  <controlfield tag="005">20151102154417.0</controlfield>
  <controlfield tag="008">151102b        xxu||||| |||| 00| 0 eng d</controlfield>
  <datafield tag="040" ind1=" " ind2=" ">
    <subfield code="c">RUA</subfield>
  </datafield>
  <datafield tag="082" ind1=" " ind2=" ">
    <subfield code="a">FOR &#x1797;&#x17BC;&#x200B; 1994 B119 Or.1</subfield>
  </datafield>
  <datafield tag="100" ind1=" " ind2=" ">
    <subfield code="9">3203</subfield>
    <subfield code="a">&#x1797;&#x17BC; &#x1785;&#x17C1;&#x1784;&#x200B;</subfield>
  </datafield>
  <datafield tag="245" ind1=" " ind2=" ">
    <subfield code="a">&#x1794;&#x1785;&#x17D2;&#x1785;&#x17C1;&#x1780;&#x1791;&#x17C1;&#x179F;&#x1793;&#x17C3;&#x1780;&#x17B6;&#x179A;&#x1794;&#x17D2;&#x179A;&#x17BE;&#x1794;&#x17D2;&#x179A;&#x17B6;&#x179F;&#x17CB;&#x1795;&#x17D2;&#x179B;&#x17C2;&#x179A;&#x178E;&#x17B6;</subfield>
  </datafield>
  <datafield tag="260" ind1=" " ind2=" ">
    <subfield code="a">Phnom Penh </subfield>
    <subfield code="b">RUA</subfield>
    <subfield code="c">1994</subfield>
  </datafield>
  <datafield tag="300" ind1=" " ind2=" ">
    <subfield code="a">58p.</subfield>
    <subfield code="b">ill.</subfield>
    <subfield code="c">29cm.</subfield>
  </datafield>
  <datafield tag="942" ind1=" " ind2=" ">
    <subfield code="2">ddc</subfield>
    <subfield code="c">FOR</subfield>
  </datafield>
  <datafield tag="999" ind1=" " ind2=" ">
    <subfield code="c">2990</subfield>
    <subfield code="d">2990</subfield>
  </datafield>
  <datafield tag="952" ind1=" " ind2=" ">
    <subfield code="0">0</subfield>
    <subfield code="1">0</subfield>
    <subfield code="2">ddc</subfield>
    <subfield code="4">0</subfield>
    <subfield code="6">FOR_&#x1797;&#x17BC;_1994_000000000000000_B119_OR_1</subfield>
    <subfield code="7">0</subfield>
    <subfield code="9">14263</subfield>
    <subfield code="a">LBB</subfield>
    <subfield code="b">LBB</subfield>
    <subfield code="c">B119</subfield>
    <subfield code="d">2015-11-02</subfield>
    <subfield code="o">FOR &#x1797;&#x17BC;&#x200B; 1994 B119 Or.1</subfield>
    <subfield code="p">RUA010758</subfield>
    <subfield code="r">2015-11-02</subfield>
    <subfield code="w">2015-11-02</subfield>
    <subfield code="y">FOR</subfield>
  </datafield>
  <datafield tag="952" ind1=" " ind2=" ">
    <subfield code="0">0</subfield>
    <subfield code="1">0</subfield>
    <subfield code="2">ddc</subfield>
    <subfield code="4">0</subfield>
    <subfield code="6">FOR_&#x1797;&#x17BC;_1994_000000000000000_B119_OR_2</subfield>
    <subfield code="7">0</subfield>
    <subfield code="9">14264</subfield>
    <subfield code="a">LBB</subfield>
    <subfield code="b">LBB</subfield>
    <subfield code="c">B119</subfield>
    <subfield code="d">2015-11-02</subfield>
    <subfield code="o">FOR &#x1797;&#x17BC;&#x200B; 1994 B119 Or.2</subfield>
    <subfield code="p">RUA026158</subfield>
    <subfield code="r">2015-11-02</subfield>
    <subfield code="w">2015-11-02</subfield>
    <subfield code="y">FOR</subfield>
  </datafield>
  <datafield tag="952" ind1=" " ind2=" ">
    <subfield code="0">0</subfield>
    <subfield code="1">0</subfield>
    <subfield code="2">ddc</subfield>
    <subfield code="4">0</subfield>
    <subfield code="6">FOR_&#x1797;&#x17BC;_1994_000000000000000_B119_OR_3</subfield>
    <subfield code="7">0</subfield>
    <subfield code="9">14265</subfield>
    <subfield code="a">LBB</subfield>
    <subfield code="b">LBB</subfield>
    <subfield code="c">B119</subfield>
    <subfield code="d">2015-11-02</subfield>
    <subfield code="o">FOR &#x1797;&#x17BC;&#x200B; 1994 B119 Or.3</subfield>
    <subfield code="p">RUA026372</subfield>
    <subfield code="r">2015-11-02</subfield>
    <subfield code="w">2015-11-02</subfield>
    <subfield code="y">FOR</subfield>
  </datafield>
  <datafield tag="952" ind1=" " ind2=" ">
    <subfield code="0">0</subfield>
    <subfield code="1">0</subfield>
    <subfield code="2">ddc</subfield>
    <subfield code="4">0</subfield>
    <subfield code="6">FOR_&#x1797;&#x17BC;_1994_000000000000000_B119_OR_4</subfield>
    <subfield code="7">0</subfield>
    <subfield code="9">14266</subfield>
    <subfield code="a">LBB</subfield>
    <subfield code="b">LBB</subfield>
    <subfield code="c">B119</subfield>
    <subfield code="d">2015-11-02</subfield>
    <subfield code="o">FOR &#x1797;&#x17BC;&#x200B; 1994 B119 Or.4</subfield>
    <subfield code="p">RUA026381</subfield>
    <subfield code="r">2015-11-02</subfield>
    <subfield code="w">2015-11-02</subfield>
    <subfield code="y">FOR</subfield>
  </datafield>
  <datafield tag="952" ind1=" " ind2=" ">
    <subfield code="0">0</subfield>
    <subfield code="1">0</subfield>
    <subfield code="2">ddc</subfield>
    <subfield code="4">0</subfield>
    <subfield code="6">FOR_&#x1797;&#x17BC;_1994_000000000000000_B119_OR_5</subfield>
    <subfield code="7">0</subfield>
    <subfield code="9">55775</subfield>
    <subfield code="a">LBB</subfield>
    <subfield code="b">LBB</subfield>
    <subfield code="c">B119</subfield>
    <subfield code="d">2016-11-03</subfield>
    <subfield code="o">FOR &#x1797;&#x17BC;&#x200B; 1994 B119 Or.5</subfield>
    <subfield code="p">RUA046484</subfield>
    <subfield code="r">2016-11-03</subfield>
    <subfield code="w">2016-11-03</subfield>
    <subfield code="y">FOR</subfield>
  </datafield>
</record>
